Word Ladder: From Zero to Hero! Quiz Stats

 Plays Quiz Updated Jan 11, 2013

Support Sporcle.
Go Orange.
Score 0/34 Timer 04:00
1 Play Today
Clue 4-Letter Word % Correct
Nothing, zilch, nada, bupkes...ZERO
93.6%
Spy JamesBOND
93.5%
Enchanted magical stickWAND
93.4%
Lion's hairMANE
92.7%
Not easyHARD
92.4%
Gust of airWIND
92.4%
DesireWANT
92.1%
Without sound or voiceMUTE
91%
Romney who ran for PresidentMITT
91%
Where coins are madeMINT
90.6%
Non-purebred dogMUTT
90.5%
DiscoverFIND
90.4%
One's mental capacityMIND
89.7%
Music making groupBAND
89.7%
Tie up with stringBIND
89.6%
Flock of animalsHERD
89.2%
PartnerMATE
88.8%
Clue 4-Letter Word % Correct
Batman villain played by Tom HardyBANE
86.6%
He fiddled while Rome burnedNERO
86.3%
Shakespeare: The __ of AvonBARD
85.7%
In the Iliad, Achilles, e.g.HERO
81.7%
Texas-based computer makerDELL
81.6%
VendSELL
81.5%
Company that makes foam toysNERF
81.1%
The Who's '___ Get Fooled Again'WON'T
79.4%
A feudal workerSERF
77.6%
Brazen or daringBOLD
77.3%
The ego, in psychologySELF
76.3%
Excessively tenderFOND
70.6%
Arial, New York or Geneva, e.g.FONT
69.7%
Animated Disney dogBOLT
67.7%
Former US Senator Bob or LiddyDOLE
66.6%
Removal editing markDELE
64.9%
A stubborn foolDOLT
61.8%

Today's Daily Dose

You're not logged in!

Compare scores with friends on all Sporcle quizzes.
OR
Log In

From the Vault

Leonardo DiCaprio (A-Z)

by rhiannond

Since Leo didn't get an Oscar for his birthday this year, we decided to give him a quiz.
Remove Ads.
Support Sporcle.
Get the best of Sporcle when you Go Orange. This ad-free experience offers more features, more stats, and more fun while also helping to support Sporcle. Thank you for becoming a member.

Show Comments

Extras

Top Quizzes Today


Score Distribution

Your Account Isn't Verified!

In order to create a playlist on Sporcle, you need to verify the email address you used during registration. Go to your Sporcle Settings to finish the process.

Report this User

Report this user for behavior that violates our Community Guidelines.

Details: